|
|
|
|
| LEADER |
00656nam#a2200217#a#4500 |
| 001 |
014003 |
| 005 |
20160721152630.0 |
| 008 |
000110s1996####xxu#################eng#d |
| 020 |
|
|
|a 0198559135
|
| 040 |
|
|
|a AR-beUNQ
|
| 099 |
|
|
|a 20-S28
|
| 100 |
1 |
|
|a Steiner, Erich
|
| 245 |
0 |
0 |
|a The chemistry maths book
|c Erich Steiner.
|
| 260 |
|
|
|a Oxford :
|b Oxford University,
|c 1996
|
| 300 |
|
|
|a 542 p. :
|b gráficos, formas
|
| 650 |
|
7 |
|a MATEMATICAS
|2 Spines
|
| 650 |
|
7 |
|a QUIMICA
|2 Spines
|
| 929 |
|
|
|a COMPRA
|b Cúspide
|c Exp. 827-0360/99
|d 32,00
|e 19991118
|j 27472
|
| 929 |
|
|
|a COMPRA
|b Cúspide
|c Exp. 827-0360/99
|d 32,00
|e 19991118
|j 27473
|
| 942 |
|
|
|c LIB
|n 0
|
| 999 |
|
|
|c 16375
|d 91762
|